000 00708nam a2200193 a 4500
001 BRCA_4877
005 20190320204837.0
008 141010s1963----sp-#######---#000-0#spa-#
041 _aspa
044 _asp
050 4 _aPQ6171
_b.B53 1963
245 1 0 _aBiblioteca de autores españoles
_bdesde la formacion del lenguaje hasta nuestros días, poetas líricos del siglo XVIII
_cun discurso preliminar y un catálogo razonado por Don Pascual de Gayangos.
260 _aMadrid
_bReal Academia Española : Ediciones Atlas
_c1963
300 _alxxxvi, 580 p.
_c26 cm.
500 _aIncluye índice de nombres propios y materias
700 1 _aGayangos, Don Pascual de
_912353
902 _aCERV
942 _2lcc
_cB
999 _c4571
_d4571